| 000 | 00652nam a22001937a 4500 | ||
|---|---|---|---|
| 999 |
_c165028 _d165028 |
||
| 005 | 20190715123436.0 | ||
| 010 | _aB-728365 | ||
| 020 |
_a9789351368069 _c499.00 |
||
| 035 | _aB-728365 | ||
| 037 | _bRK Books | ||
| 082 | _a230.35 | ||
| 100 | _aOm Swami | ||
| 245 |
_aIf truth be told: _ba monk's memoir / _cby Om Swami |
||
| 260 |
_aNoida _bHarper Collins _c2014 |
||
| 270 |
_aA-75, Sector-57 _bNoida _e201301 |
||
| 300 |
_a253p. _c22cm(Hb) |
||
| 942 |
_2ddc _cEN _h230.35 _mOMS |
||